000 00562nam a2200217Ia 4500
003 GCL
008 140319s9999 xx 000 0 eng d
040 _aGCL /
_cGCL
082 0 4 _a509.22
_bM C
100 1 _aMILLAR, DAVID
245 1 0 _aTHE CAMBRIDGE DICTIONARY OF SCIENTISTS /
_cMILLAR, DAVID
700 1 _aMILLAR, IAN
700 1 _aMILLAR, JOHN
700 1 _aMILLAR, MARGARET
260 _a[S.N] :
_bCAMBRIDGE UNIVERSITY PRESS ،
_c1996
300 _a387 P
650 0 4 _aSCIENCE
650 0 4 _aDICTIONARIES
650 0 4 _aSCIENTISTS
942 _2ddc
_cBK
999 _c13509
_d13509